To Wong Foo, thanks for everything, Julie Newmar ... Read More
Available copies
- 2 of 2 copies available at LARL/NWRL Consortium.
- 2 of 2 copies available at Northwest Regional Library. (Show preferred library)
Current holds
0 current holds with 2 total copies.
Show All Copies
| Location | Call Number / Copy Notes | Barcode | Shelving Location | Status | Due Date |
|---|---|---|---|---|---|
| Hallock Public Library | DVD TO (Text) | 35500004152599 | Main | Available | - |
| Warroad Public Library | DVD TO (Text) | 35500004594675 | Main | Available | - |
Record details
- ISBN: 0783219679
- Physical Description: 1 videodisc (109 min.) : sd., col. ; 4 3/4 in.
- Edition: Widescreen.
- Publisher: Universal City, CA : Universal, c2002.
Content descriptions
| General Note: | Title from container. Originally released as motion picture in 1995. Rated PG-13. |
| Creation/Production Credits Note: | Music, Rachel Portman ; associate producer, ... Read More |
| Participant or Performer Note: | Wesley Snipes, Patrick Swayze, John Leguizamo, ... Read More |
| Summary, etc.: | En route from New York City to Hollywood for a ... Read More |
| System Details Note: | DVD, region 1; Dolby Digital 5.1 surround. |
| Language Note: | English, Spanish or French dialogue; ... Read More |
Search for related items by subject
| Subject: | Transvestites > Drama. |
| Genre: | Feature films. Comedy films. Video recordings for the hearing impaired. DVDs. |
| LDR | 02403cgm a2200457Ia 4500 | ||
|---|---|---|---|
| 001 | 86999 | ||
| 003 | LARL_NWRL_CONSORTIUM | ||
| 005 | 20060711034833.0 | ||
| 007 | vd cvaizq | ||
| 008 | 030204p20021995cau109 vleng d | ||
| 020 | . | ‡a0783219679 | |
| 024 | 1 | . | ‡a025192002120 |
| 028 | 4 | 2. | ‡a20021 ‡bUniversal |
| 040 | . | ‡aSDE ‡cSDE ‡dRCS ‡dOUN | |
| 041 | 1 | . | ‡aeng ‡aspa ‡afre ‡heng |
| 245 | 0 | 0. | ‡aTo Wong Foo, thanks for everything, Julie Newmar ‡h[DVD/videorecording] / ‡cUniversal Pictures presents an Amblin Entertainment production ; a Beeban Kidron film. |
| 250 | . | ‡aWidescreen. | |
| 260 | . | ‡aUniversal City, CA : ‡bUniversal, ‡cc2002. | |
| 300 | . | ‡a1 videodisc (109 min.) : ‡bsd., col. ; ‡c4 3/4 in. | |
| 500 | . | ‡aTitle from container. | |
| 511 | 1 | . | ‡aWesley Snipes, Patrick Swayze, John Leguizamo, Stockard Channing, Blythe Danner, Arliss Howard, Chris Penn. |
| 508 | . | ‡aMusic, Rachel Portman ; associate producer, Mitchell Kohn ; costume designer, Marlene Stewart ; choreography, Kenny Ortega ; editor, Andrew Mondshein ; production designer, Wynn Thomas ; director of photography, Steve Mason ; executive producer, Bruce Cohen ; writer, Douglas Carter Beane ; producer, G. Mac Brown ; director, Beeban Kidron. | |
| 500 | . | ‡aOriginally released as motion picture in 1995. | |
| 500 | . | ‡aRated PG-13. | |
| 538 | . | ‡aDVD, region 1; Dolby Digital 5.1 surround. | |
| 546 | . | ‡aEnglish, Spanish or French dialogue; closed-captioned. | |
| 520 | . | ‡aEn route from New York City to Hollywood for a drag queen beauty pageant, Noxeema, Vida and Chi Chi are stranded in a tiny Midwestern town when their 1967 Cadillac breaks down. When their glitz and glamour wake up the sleepy local citizens, the stage is set for an outrageously funny weekend. | |
| 650 | 0. | ‡aTransvestites ‡vDrama. | |
| 655 | 0. | ‡aFeature films. ‡0(LARL_NWRL_CONSORTIUM)175625 | |
| 655 | 0. | ‡aComedy films. ‡0(LARL_NWRL_CONSORTIUM)175650 | |
| 655 | 0. | ‡aVideo recordings for the hearing impaired. ‡0(LARL_NWRL_CONSORTIUM)175744 | |
| 655 | 0. | ‡aDVDs. | |
| 700 | 1 | . | ‡aKidron, Beeban. ‡0(LARL_NWRL_CONSORTIUM)186048 |
| 700 | 1 | . | ‡aSnipes, Wesley. ‡0(LARL_NWRL_CONSORTIUM)110751 |
| 700 | 1 | . | ‡aSwayze, Patrick. ‡0(LARL_NWRL_CONSORTIUM)98180 |
| 700 | 1 | . | ‡aLeguizamo, John. ‡0(LARL_NWRL_CONSORTIUM)110457 |
| 710 | 2 | . | ‡aUniversal Pictures (Firm) ‡0(LARL_NWRL_CONSORTIUM)76903 |
| 710 | 2 | . | ‡aAmblin Entertainment (Firm) ‡0(LARL_NWRL_CONSORTIUM)84291 |
| 901 | . | ‡a86999 ‡bISxN ‡c86999 ‡tbiblio | |

Add to basket
Permalink
Disable Highlighting